| 000 | 01792nam a2200373Ia 4500 | ||
|---|---|---|---|
| 001 | ebr10038560 | ||
| 003 | CaPaEBR | ||
| 006 | m u | ||
| 007 | cr cn||||||||| | ||
| 008 | 020627s2002 dcu sb 100 0 eng d | ||
| 010 | _z 2002283740 | ||
| 020 | _z030908413X | ||
| 040 |
_aCaPaEBR _cCaPaEBR |
||
| 035 | _a(OCoLC)52860929 | ||
| 050 | 1 | 4 |
_aLB1028.43 _b.I52 2002eb |
| 245 | 0 | 0 |
_aImproving learning with information technology _h[electronic resource] : _breport of a workshop / _cSteering Committee on Improving Learning with Information Technology ; Gail E. Pritchard, editor. |
| 260 |
_aWashington, DC : _bNational Academy Press, _cc2002. |
||
| 300 | _axvi, 67 p. | ||
| 490 | 1 | _aCompass series | |
| 500 | _a"Center for Education, Division of Behavioral and Social Sciences and Education, National Research Council." | ||
| 500 | _a"Symposium on January 24-25, 2001"--Preface. | ||
| 504 | _aIncludes bibliographical references (p. 55-57). | ||
| 533 |
_aElectronic reproduction. _bPalo Alto, Calif. : _cebrary, _d2013. _nAvailable via World Wide Web. _nAccess may be limited to ebrary affiliated libraries. |
||
| 536 |
_aSupported by a Contract/Grant between the National Academy of Sciences and the U.S. Department of Education. _cR303U000001 |
||
| 650 | 0 |
_aEducation _zUnited States _xData processing _vCongresses. |
|
| 650 | 0 |
_aInformation technology _vCongresses. |
|
| 650 | 0 |
_aEducational technology _zUnited States _xEvaluation _vCongresses. |
|
| 650 | 0 |
_aAction research in education _vCongresses. |
|
| 655 | 7 |
_aElectronic books. _2local |
|
| 700 | 1 | _aPritchard, Gail E. | |
| 710 | 2 | _aebrary, Inc. | |
| 830 | 0 | _aCompass series. | |
| 856 | 4 | 0 |
_uhttp://site.ebrary.com/lib/rucke/Doc?id=10038560 _zAn electronic book accessible through the World Wide Web; click to view |
| 999 |
_c57505 _d57505 |
||